000 01165nam a22002657a 4500
003 PE SENCICO BE
005 20251020182642.0
008 230918b |||||||| |||| 00| 0 eng d
040 _aPE SENCICO BE
_cPE SENCICO BE
041 _aspa
084 _aI
_aLAB
_a2018
_bN51
100 1 _91581
_aNeyra de la Cruz, Eric Edgardo
_eautor
245 1 _aEnsayo de proctor modificado densidad de campo cono de arena /
_cEric Edgardo Neyra de la Cruz
260 _aLima :
_c2018
300 _a62 hojas :
_bilustraciones a color, diagramas :
_c30 cm.
502 _aMonografía de Titulación.-- Servicio Nacional de Capacitación para la Industria de la Construcción. Escuela Superior Técnica. Carrera Profesional Técnica en Laboratorio de Suelos, Concreto y Asfalto, 2018.
650 1 0 _91263
_aLaboratorio de ensayo de materiales
650 2 0 _91565
_aCompactación de suelos
650 2 0 _91582
_aHumedad del suelo
650 2 0 _91568
_aDensidad del suelo
650 2 0 _91262
_aLaboratorio de suelos
710 1 _aServicio Nacional de Capacitación para la Industria de la Construcción.
_bEscuela Superior Técnica
_91065
910 _bhfp
_chfp
942 _cMON
_2ddc
999 _c4313
_d4313